000 00960nam a2200253 a 4500
001 BRCA_387
005 20190320203003.0
008 151106s2006----mx-a---###---#000-0#spa-d
041 _aspa
044 _amx
050 4 _aZ997.2.M4
_b.R43 5 2006
245 1 0 _aUn recorrido por archivos y bibliotecas privados V.
260 _aMéxico
_bAsociación Mexicana de Archivos y Bibliotecas Privados, A.C. (AMABPAC) ; ADABI México ; Archivo Histórico y Museo de Minería
_c2006
300 _a200 p.
_bil.
_c28 cm.
500 _aIncluye Directorio de la AMABPAC
504 _aIncluye referencias bibliográficas
650 1 4 _aArchivos
_zMéxico
_91302
650 1 4 _aBibliotecas privadas
_zMéxico
_91303
651 4 _aMéxico
_vFuentes
_xHistoria
_9873
710 2 _aAsociación Mexicana de Archivos y Bibliotecas Privados, A.C.
_91304
710 2 _aADABI México
_91305
710 2 _aArchivo Histórico y Museo de Minería, Asociación Civil
_91306
942 _2lcc
_cB
999 _c322
_d322